| Tag |
First Indicator |
Second Indicator |
Subfields |
| LEADER |
00000nam a2200000 i 4500 |
| 001 |
in00005503813 |
| 006 |
m o d |
| 007 |
cr |n||||||||n |
| 008 |
210416s2003||||nyu|||||o|||||||||||eng|| |
| 005 |
20241008175844.3 |
| 010 |
|
|
|z 2003046318
|
| 020 |
|
|
|a 0071450769
|
| 020 |
|
|
|a 0071409440 (print-ISBN)
|
| 020 |
|
|
|a 9780071409445
|
| 035 |
|
|
|a (OCoLC)56505880
|
| 035 |
|
|
|a (IN-ChSCO)ccn00213998
|
| 040 |
|
|
|a IN-ChSCO
|b eng
|e rda
|
| 041 |
0 |
|
|a eng
|
| 050 |
|
4 |
|a TK8360.O67
|
| 082 |
0 |
4 |
|a 621.36
|2 21
|
| 100 |
1 |
|
|a Johnson, Mark,
|d 1952-,
|e author.
|
| 245 |
1 |
0 |
|a Photodetection and measurement : maximizing performance in optical systems /
|c Mark Johnson.
|
| 250 |
|
|
|a First edition.
|
| 264 |
|
1 |
|a New York, N.Y. :
|b McGraw-Hill Education,
|c [2003]
|
| 264 |
|
4 |
|c 2003
|
| 300 |
|
|
|a 1 online resource (xiii, 298 pages) :
|b illustrations.
|
| 336 |
|
|
|a text
|b txt
|2 rdacontent
|
| 337 |
|
|
|a computer
|b c
|2 rdamedia
|
| 338 |
|
|
|a online resource
|b cr
|2 rdacarrier
|
| 490 |
1 |
|
|a McGraw-Hill's AccessEngineering
|
| 500 |
|
|
|a Print version c2003.
|
| 504 |
|
|
|a Includes bibliographical references and index.
|
| 505 |
0 |
|
|a Ch. 1. Photodetection Basics -- Ch. 2. Amplified Detection Circuitry -- Ch. 3. Fundamental Noise Basics and Calculations -- Ch. 4. Interlude -- Alternative Circuits and Detection Techniques -- Ch. 5. System Noise and Synchronous Detection -- Ch. 6. Some Electronic Circuits and Construction Techniques to Get You Going -- Ch. 7. Control of Ambient Light -- Ch. 8. Stability -- Temperature Compensation Techniques -- Ch. 9. Contamination and Industrial Systems -- Ch. 10. Measurand Modulation -- Ch. 11. Multiple-Channel Detection.
|
| 520 |
0 |
|
|a "There's no faster or easier way to master photodetection and measurement techniques than with this hands-on tutorial written by a teacher with experience enough to know the questions you would ask. A clear, easy-to-understand "rules-of-thumb" approach shows you how to make high-performance optical measurements by getting the fundamentals right, often with simple, inexpensive equipment commonly found in laboratories." "You'll also gain a firm understanding of noise-reduction techniques and the essentials of building-in speed, sensitivity, and stability."--Jacket.
|
| 530 |
|
|
|a Also available in print edition.
|
| 533 |
|
|
|a Electronic reproduction.
|b New York, N.Y. :
|c McGraw Hill,
|d 2003.
|n Mode of access: World Wide Web.
|n System requirements: Web browser.
|n Access may be restricted to users at subscribing institutions.
|
| 538 |
|
|
|a Mode of access: Internet via World Wide Web.
|
| 545 |
0 |
|
|a Contributor biographical information:
|u http://www.loc.gov/catdir/bios/mh041/2003046318.html
|
| 546 |
|
|
|a In English.
|
| 588 |
|
|
|a Description based on cover image and table of contents, viewed on April 28, 2007.
|
| 650 |
|
0 |
|a Optical detectors.
|
| 650 |
|
0 |
|a Optoelectronic devices.
|
| 650 |
|
0 |
|a Light
|x Measurement.
|
| 650 |
|
0 |
|a Noise
|x Measurement.
|
| 650 |
|
0 |
|a Light
|x Transmission.
|
| 650 |
|
0 |
|a Optical communications.
|
| 650 |
|
0 |
|a Electronic circuits.
|
| 650 |
|
0 |
|a Electronic circuits
|x Temperature.
|
| 650 |
|
0 |
|a Optical instruments.
|
| 650 |
|
0 |
|a Photons.
|
| 655 |
|
7 |
|a Electronic books.
|2 local
|
| 710 |
2 |
|
|a McGraw-Hill Companies.
|
| 740 |
0 |
2 |
|a Photodetection basics.
|
| 740 |
0 |
2 |
|a Amplified detection circuitry.
|
| 740 |
0 |
2 |
|a Fundamental noise basics and calculations.
|
| 740 |
0 |
2 |
|a Interlude: alternative circuits and detection techniques.
|
| 740 |
0 |
2 |
|a System noise and synchronous detection.
|
| 740 |
0 |
2 |
|a Useful electronic circuits and construction techniques to get you going.
|
| 740 |
0 |
2 |
|a Control of ambient light.
|
| 740 |
0 |
2 |
|a Stability and tempco issues.
|
| 740 |
0 |
2 |
|a Contamination and industrial systems.
|
| 740 |
0 |
2 |
|a Measurand modulation.
|
| 740 |
0 |
2 |
|a Multiple channel detection.
|
| 776 |
0 |
|
|i Print version:
|t Photodetection and measurement : maximizing performance in optical systems.
|b First edition.
|d New York, N.Y. : McGraw-Hill Education, 2003
|w (OCoLC)51923292
|
| 830 |
|
0 |
|a McGraw-Hill's AccessEngineering.
|
| 856 |
4 |
0 |
|u http://proxy.library.tamu.edu/login?url=https://www.accessengineeringlibrary.com/content/book/9780071409445
|z Connect to the full text of this electronic book
|t 0
|
| 949 |
|
|
|a TK 8360.O67
|w LC
|c 1
|i 213998-2001
|d 12/30/2011
|l MAIN
|m MGH
|q 7
|r Y
|s Y
|t WEB
|u 4/28/2007
|x ENG
|
| 997 |
|
|
|a (c)2007 Cassidy Cataloguing Services, Inc.
|
| 999 |
f |
f |
|s 2e4bf133-f064-4d61-9528-6f0d6056c895
|i 9bf264f1-1b19-457a-a4e1-41d4d2c1e234
|t 0
|
| 952 |
f |
f |
|a Texas A&M University
|b College Station
|c Electronic Resources
|d Available Online
|t 0
|e TK8360.O67
|h Library of Congress classification
|
| 998 |
f |
f |
|a TK8360.O67
|t 0
|l Available Online
|